000 00389nam a2200145Ia 4500
008 240729s9999 xx 000 0 und d
022 _a2656-0801
245 0 _aNurani Hukum
260 _aIndonesia
260 _bFaculty of Law, Universitas Sultan Ageng Tirtayasa
650 _aLaw
856 _uhttps://doaj.org/toc/4982cfbb7c864c43bbbffa1c495235f8
942 _2ddc
942 _cDOAJEJ
999 _c66141
_d66141
945 _a1
_bMadushi Gamage
_c1
_dMadushi Gamage